1978 1694 1705 1890 1051 1560 1056 1079 1514 1539 1638 1631 1738 1385 1646 1109 1728 1784 1883 1307 1540 1961 1561 1951 1150 1124 1763 1418 1005 1289 1206 1274 1201 1366 1732 1019 1540 1869 1018 1176 1308 1957 1056 1572 1178 1713 1259 1319 1045 1546 1359 1049 1544 1000 1737 1732 1479 1116 1063 1597 1549 1627 1298 1269 1631 1121 1380 1890 1089 1487 1067 1871 1907 1081 1675 1211 1990 1032 1784 1632 1117 1405 1925 1421 1184 1840 1126 1798 1697 1002 1559 1596 1052 1837 1931 1251 1221 1545 1952 BCNSPRNW ULIB Ver.6.0+V

เปลี่ยนเป็นภาษาไทย

Change to English
 แสดงรายละเอียดบรรณานุกรม
  กลับหน้าหลัก

Brief Record : Get Marc (ISO 2709) : E-mail record : QR code < ปิดหน้าต่าง
LEADER : 00000nas 2200000uu 4500
001    13399123094
003     ULIB
008    020711s|||| th a 000 0 tha d
022    08573743
110    สมาคมศิษย์เก่าพยาบาลกระทรวงสาธารณสุข
245    วารสารพยาบาลกระทรวงสาธารณสุข(วิทยาเขตนครสวรรค์)/^cสมาคมศิษย์เก่าพยาบาลกระทรวงสาธารณสุข
260    นนทบุรี :^bสมาคมศิษย์เก่าพยาบาลกระทรวงสาธารณสุข,^cม.ป.ป.
310    ^aรายสี่เดือน
850 ^a ULIB:campus^bปีที่ 23 ฉบับที่ 3
850 ^a ULIB^bปีที่ 25 ฉบับที่ 1 ฉ.1 ;ปีที่ 25 ฉบับที่ 2 ฉ.2 ;ปีที่ 25 ฉบับที่ 2 ฉ.1 ;ปีที่ 25 ฉบับที่ 3 ฉ.1 ;ปีที่ 25 ฉบับที่ 3 ฉ.2
945    ^p0^l0^i800775
945    ^p0^l0^i902988
945    ^p0^l0^i903264
945    ^p0^l0^i903263
945    ^p0^l0^i903547
945    ^p0^l0^i903548
999    ^aทศพร เกษรทอง
รายการนี้ยังไม่มีแท็ก
คุณยังไม่ได้ล็อกอิน คุณสามารถมีกิจกรรมร่วมกับเว็บไซต์ได้ แต่ต้องล็อกอินก่อน ::
  ล็อกอิน

รายการสื่อสารสนเทศ (วารสาร)

ดูแบบ: กล่อง รายการ
ARRIVED
ปีที่ 23 ฉบับที่ 3
สถานที่: ห้องสมุดวิทยาเขตนครสวรรค์ >วารสาร
ARRIVED
ปีที่ 25 ฉบับที่ 1 ฉ.1
สถานที่: ห้องสมุดวิทยาเขตสวรรค์ประชารักษ์ >หนังสือพิมพ์
ARRIVED
ปีที่ 25 ฉบับที่ 2 ฉ.2
สถานที่: ห้องสมุดวิทยาเขตสวรรค์ประชารักษ์ >หนังสือพิมพ์
ARRIVED
ปีที่ 25 ฉบับที่ 3 ฉ.1
สถานที่: ห้องสมุดวิทยาเขตสวรรค์ประชารักษ์ >หนังสือพิมพ์

BibComment


ยังไม่เคยถูกคอมเมนท์

คอมเมนท์ทรัพยากรรายการนี้
  คอมเมนท์: วารสารพยาบาลกระทร..


 Copyright 2026. Bcnsprnw @Library